[Event "Pan American-ch Hybrid U16 Girls 31st"]
[Site "Tornelo INT"]
[Date "2021.09.04"]
[Round "6"]
[White "Bittencourt, Alica E Decezare"]
[Black "Ramos Pizarro, Camila"]
[Result "1-0"]
[WhiteElo "1220"]
[BlackElo "1183"]
[PlyCount "57"]
[EventDate "2021.09.04"]
[EventType "swiss"]
[EventRounds "9"]
[EventCountry "NET"]
[SourceTitle "EXT 2023"]
[Source "ChessBase"]
[SourceDate "2022.10.05"]
[SourceVersion "1"]
[SourceVersionDate "2022.10.05"]
[SourceQuality "1"]

1. e4 c5 2. Nf3 Nc6 3. Bb5 Nf6 4. d3 a6 5. Bxc6 bxc6 6. Nc3 e6 7. 0-0 Be7 8. b3 Bb7 9. Bb2 0-0 10. Ne2 d5 11. e5 Nd7 12. Ng3 Nb6 13. Nd2 Rb8 14. Nh5 d4 15. Ne4 Nd7 16. Qg4 g6 17. Qg3 f6 18. exf6 Nxf6 19. Nhxf6+ Bxf6 20. Nxc5 Qd5 21. Ne4 Be5 22. Qh3 Rf5 23. Qg4 Rbf8 24. Rae1 Bxh2+ 25. Kxh2 Rh5+ 26. Kg1 e5 27. Ba3 Rf4 28. Qxf4 Rf5 29. Qxf5 1-0